Ir para o conteúdo

Методы экономического обоснования управленческих решений по формированию промышленных сетей в судостроении Монография

В монографии рассматриваются вопросы теории и практики становления промышленных сетей. Значительное внимание уделено интеграции как фактору повышения конкурентоспособности Астраханской области в масштабах страны и Каспийского бассейна. Особый акцент сделан на формировании и развитии интегрированных...

ver descrição completa

Na minha lista:
Detalhes bibliográficos
Autor principal: Мичурина О. Ю.
Formato: Монография
Edição:1
Colecção:Научная мысль
Acesso em linha:https://znanium.com/catalog/document?id=354676
https://znanium.com/cover/1002/1002622.jpg
Tags: Adicionar Tag
Sem tags, seja o primeiro a adicionar uma tag!
LEADER 04051nam0a2200337 i 4500
001 RU\infra-m\znanium\bibl\1002622
003 https://znanium.com/catalog/document?id=354676
005 20221113000000.0
010 |a 978-5-16-004995-3 
100 |a 20221113d2020 m y0rusy0150 ca 
101 0 |a rus 
102 |a RU 
200 1 |a Методы экономического обоснования управленческих решений по формированию промышленных сетей в судостроении  |e Монография  |f Астраханский государственный технический университет 
205 |a 1 
210 1 |a Москва  |c ООО "Научно-издательский центр ИНФРА-М"  |d 2019 
215 |a 157 с. 
225 1 |a Научная мысль 
330 |a В монографии рассматриваются вопросы теории и практики становления промышленных сетей. Значительное внимание уделено интеграции как фактору повышения конкурентоспособности Астраханской области в масштабах страны и Каспийского бассейна. Особый акцент сделан на формировании и развитии интегрированных структур в судостроении Астраханской области - промышленных сетей Южного центра судостроения и судоремонта судостроительного кластера. Предложен научно-практический инструментарий обоснования экономической эффективности принятия решения о создании промышленной сети. Продемонстрированы возможности многофакторной модели измерения производительности для имитационного моделирования воздействия управления производительностью на прибыль для обоснования принятия решения об интеграции. Монография предназначена для научных работников преподавателей экономических дисциплин а также аспирантов магистрантов и студентов соответствующих специальностей. Может быть полезна менеджерам специалистам и руководящим работникам интересующимся сетевой формой интеграции в промышленности а также политикам и предпринимателям Астраханской области и Юга России. 
333 |a Дополнительное профессиональное образование 
606 |a Транспорт  |x Судостроение. Судомоделирование  |2 local 
606 |a Управление (менеджмент)  |x Менеджмент в промышленности  |2 local 
608 |a Монография  |2 local 
675 |a 330  |z rus 
686 |a 65  |2 rubbk 
686 |a 38.03.01  |2 okso 
686 |a 38.04.01  |2 okso 
686 |a 38.04.08  |2 okso 
700 1 |a Мичурина  |b О. Ю.  |g Ольга Юрьевна  |p Астраханский государственный технический университет 
801 0 |a RU  |b Общество с ограниченной ответственностью «ЗНАНИУМ»  |c 20180927  |2 rusmarc 
856 4 |a znanium.com  |m ebs_support@infra-m.ru  |n НИЦ ИНФРА-М  |u https://znanium.com/catalog/document?id=354676 
856 4 1 |a znanium.com  |d /cover/1002  |f 1002622.jpg  |q image/jpeg  |u https://znanium.com/cover/1002/1002622.jpg